[Event "VIII MIEDZYNARODOWY TURNIEJ SZACHOWY - GORA SW. ANNY - Open B"]
[Site "GORA SW. ANNY"]
[Date "1899-12-30"]
[Round "5.1"]
[White "Smal, Tobiasz"]
[Black "Kokoszczynski, Jan"]
[Result "1-0"]
[WhiteTitle "I++"]
[BlackTitle "I"]
[WhiteElo "1994"]
[BlackElo "1765"]

1. e4 e6 2. d4 d5 3. Nd2 Nf6 4. e5 Nfd7 5. Bd3 c5 6. c3 Nc6 7. Ne2 a5 8. O-O a4
9. a3 Nb6 10. Nf3 Bd7 11. dxc5 Bxc5 12. Ned4 Na5 13. Bg5 Be7 14. h4 Bc6 15. Nb5
Nbc4 16. Nd6+ Nxd6 17. exd6 Qxd6 18. Bxe7 Qxe7 19. Qe2 Nb3 20. Rad1 O-O-O 21.
Bc2 Nc5 22. Ne5 Qc7 23. Qe3 Bb5 24. Nxf7 Bxf1 25. Nxd8 Rxd8 26. Rxf1 e5 27. Re1
e4 28. Qd4 b5 29. Rd1 g6 30. Rd2 Rd7 31. Bd1 Kb7 32. Qe3 Nd3 33. Be2 Re7 34. g3
Ne5 35. Rxd5 Qc6 36. Rxb5+ Ka8 37. Qd4 Nf3+ 38. Bxf3 Qxb5 39. Qd8+ Qb8 40. Qxe7
exf3 41. Qe4+ Qb7 42. Qxa4+ Kb8 43. Qb4 1-0

[Event "VIII MIEDZYNARODOWY TURNIEJ SZACHOWY - GORA SW. ANNY - Open B"]
[Site "GORA SW. ANNY"]
[Date "1899-12-30"]
[Round "5.2"]
[White "Wielosz, Jaroslaw"]
[Black "Pytel, Maciej"]
[Result "1-0"]
[WhiteTitle "I"]
[BlackTitle "I"]
[WhiteElo "1939"]
[BlackElo "1728"]

1. d4 b5 2. a4 b4 3. c4 Bb7 4. Bg5 h6 5. Bh4 g5 6. Bg3 Bg7 7. e3 c5 8. Nf3 e6 9.
Bd6 Na6 10. Be2 Ne7 11. dxc5 Bxb2 12. Ra2 Bg7 13. Nd4 Bxg2 14. Rg1 Bc6 15. Bh5
Nc8 16. Nxc6 dxc6 17. Qf3 Nxd6 18. Qxc6+ Qd7 19. Qxa8+ Nc8 20. c6 Qc7 21. Qb7
Qxb7 22. cxb7 Nd6 23. Bf3 Ke7 24. c5 Nc4 25. Rc2 Na3 26. Nxa3 bxa3 27. c6 Be5
28. Ke2 Rd8 29. Rb1 Bxh2 30. Rb3 Bd6 31. Kf1 Rb8 32. Be2 Nc5 33. Rxa3 Nxb7 34.
Rb3 1-0

[Event "VIII MIEDZYNARODOWY TURNIEJ SZACHOWY - GORA SW. ANNY - Open B"]
[Site "GORA SW. ANNY"]
[Date "1899-12-30"]
[Round "5.3"]
[White "Pacan-milej, Kosma"]
[Black "Tabola, Marcin"]
[Result "1-0"]
[WhiteTitle "I"]
[BlackTitle "I++"]
[WhiteElo "1840"]
[BlackElo "1986"]

1. d4 d5 2. c4 e6 3. Nc3 c6 4. e4 dxe4 5. Nxe4 Bb4+ 6. Bd2 Qxd4 7. Bxb4 Qxe4+ 8.
Ne2 Na6 9. Bf8 Qe5 10. Qd2 Qf6 11. Bd6 Nh6 12. O-O-O Nf5 13. Be5 Qe7 14. g4 f6
15. Bf4 e5 16. gxf5 exf4 17. Nxf4 O-O 18. Bd3 Nb4 19. Bb1 Qc5 20. Qd4 Qxd4 21.
Rxd4 Re8 22. Nh5 Re5 23. Rd8+ Kf7 24. Rg1 g6 25. fxg6+ hxg6 26. Bxg6+ Ke7 27.
Re8+ Kd6 28. Nxf6 Rxe8 29. Nxe8+ Kc5 30. a3 Na6 31. h4 Bd7 32. Re1 Bxe8 33. Bxe8
Nc7 34. Bg6 Kxc4 35. h5 Rh8 36. f4 Nd5 37. f5 Nf6 38. Rh1 Rh6 39. Kd2 Kd4 40.
Rh4+ Ke5 41. Ke3 a5 42. Kf3 b5 43. Kg3 c5 44. Rh1 c4 45. Re1+ Kd4 46. Kf4 Rh8
47. Rd1+ Kc5 48. Ke5 Ng4+ 49. Ke6 Ne3 50. Re1 Ng2 51. Re5+ Kc6 52. f6 Nf4+ 53.
Kf7 b4 54. Kg7 Rb8 55. f7 c3 56. bxc3 Kd6 57. Re1 Ne6+ 58. Rxe6+ Kxe6 59. f8=Q
1-0

[Event "VIII MIEDZYNARODOWY TURNIEJ SZACHOWY - GORA SW. ANNY - Open B"]
[Site "GORA SW. ANNY"]
[Date "1899-12-30"]
[Round "5.4"]
[White "Marchewka, Jakub"]
[Black "Bartoszewicz, Marcin"]
[Result "1/2-1/2"]
[WhiteTitle "I"]
[BlackTitle "I+"]
[WhiteElo "1848"]
[BlackElo "1968"]

1. e4 e5 2. Nf3 Nc6 3. Bb5 a6 4. Ba4 Nf6 5. O-O b5 6. Bb3 Be7 7. c3 Nxe4 8. Qe2
d5 9. d3 Nc5 10. Nxe5 Nxe5 11. Qxe5 Nxb3 12. axb3 O-O 13. b4 Bf6 14. Qg3 d4 15.
Bf4 Ra7 16. Na3 c6 17. Rac1 Re8 18. Nb1 Bf5 19. Rfd1 Rae7 20. h3 Re2 21. Qf3 Qd7
22. Nd2 Qd5 23. Ne4 Rxb2 24. Nxf6+ gxf6 25. Qg3+ Bg6 26. cxd4 h5 27. Rc5 Qxd4
28. Be3 Qxb4 29. Rxc6 Rb1 30. Rxb1 Qxb1+ 31. Kh2 Qxd3 32. Rxa6 Re6 33. Ra8+ Kg7
34. Rb8 Qe4 35. Rxb5 Re5 36. Rb8 h4 37. Qg4 Qxg4 38. hxg4 Re4 39. Kh3 f5 40. g5
f4 41. Bc1 Bf5+ 42. Kh2 Re2 43. Bb2+ Kg6 44. Rg8+ Kh5 45. Bd4 Bg6 46. Bb6 Be4
47. Rf8 Bd5 48. Rd8 Re5 49. Bd4 Rxg5 50. Rh8+ Kg4 51. f3+ Bxf3 1/2-1/2

[Event "VIII MIEDZYNARODOWY TURNIEJ SZACHOWY - GORA SW. ANNY - Open B"]
[Site "GORA SW. ANNY"]
[Date "1899-12-30"]
[Round "5.5"]
[White "Guca, Krzysztof"]
[Black "Kalmuk, Krzysztof"]
[Result "1/2-1/2"]
[WhiteTitle "I"]
[BlackTitle "I+"]
[WhiteElo "1820"]
[BlackElo "1939"]

1. c4 Nf6 2. Nf3 g6 3. g3 Bg7 4. Bg2 O-O 5. Nc3 c6 6. O-O d5 7. cxd5 cxd5 8. d4
Nc6 9. Bf4 Ne4 10. Rc1 Nxc3 11. Rxc3 f6 12. Ne1 Be6 13. Rc5 Qd7 14. Nd3 Rac8 15.
Qa4 b6 16. Rc3 b5 17. Qa6 Nxd4 18. Nc5 Nxe2+ 19. Kh1 Rxc5 20. Rxc5 Nxf4 21. gxf4
Rb8 22. Rfc1 Rb6 23. Qa3 b4 24. Qd3 d4 25. b3 Qd6 26. Rc7 Qxf4 27. Qg3 Qxg3 28.
hxg3 Rd6 29. Rxe7 Bf5 30. Rcc7 Bf8 31. Re8 d3 32. Bf3 d2 33. Bd1 Bd7 34. Re3 Bh6
35. f4 g5 36. Kg1 gxf4 37. Re7 Bf5 38. Re8+ Bf8 39. gxf4 h5 40. Rxa7 Bg6 41. Rb8
Be4 42. Rc7 f5 43. Rcc8 Rf6 44. Rd8 Kg7 45. Rxd2 Bc5+ 46. Kf1 Rg6 47. Rd7+ Kf6
48. Bxh5 Rg1+ 49. Ke2 Rg2+ 50. Ke1 Rxa2 51. Rd2 Ra1+ 52. Ke2 Rh1 53. Rc8 Be7 54.
Be8 Rh4 55. Bb5 Rxf4 56. Bc4 Rh4 57. Ke3 Ke5 58. Rf2 Bg5+ 59. Ke2 Rh3 60. Rc5+
Kd4 61. Rcxf5 Re3+ 62. Kf1 Bh4 63. R5f4 Bxf2 64. Kxf2 Rh3 65. Ke2 Rh2+ 66. Ke1
Ke3 67. Rf8 Rh1+ 68. Rf1 Rh2 69. Rf8 Rh1+ 70. Rf1 Rxf1+ 71. Bxf1 Bd3 72. Be2 Bc2
73. Bc4 Bd3 74. Be6 Bb5 75. Bf5 Bc6 76. Kd1 Bd5 77. Bc2 Bf3+ 78. Kc1 Be4 79. Bd1
Kd3 80. Kb2 Bd5 1/2-1/2

[Event "VIII MIEDZYNARODOWY TURNIEJ SZACHOWY - GORA SW. ANNY - Open B"]
[Site "GORA SW. ANNY"]
[Date "1899-12-30"]
[Round "5.6"]
[White "Krawiecki, Stanislaw"]
[Black "Sudolski, Sylwester"]
[Result "1/2-1/2"]
[WhiteTitle "I"]
[BlackTitle "II"]
[WhiteElo "1814"]
[BlackElo "1863"]

1. e4 c6 2. d4 d5 3. Nc3 dxe4 4. Nxe4 Nd7 5. Bc4 Ngf6 6. Ng5 e6 7. Ne2 Nb6 8. Bb3
h6 9. Nf3 Be7 10. O-O O-O 11. c3 c5 12. Bc2 Bd7 13. Ng3 Bb5 14. Re1 a5 15. Ne4
Nbd7 16. Bf4 Qb6 17. Be3 Nxe4 18. Bxe4 Bc6 19. Bxc6 Qxc6 20. Ne5 Nxe5 21. dxe5
Rfd8 22. Qg4 Kh8 23. Qh5 Kg8 24. Qg4 Kh7 25. Rad1 Rxd1 26. Rxd1 Rd8 27. Rxd8 Bxd8
28. Qc4 Be7 29. Qd3+ Kg8 30. c4 Qa4 31. a3 Qc6 32. f3 a4 33. b3 Qc7 34. f4 Qc6
35. Kf2 axb3 36. Qxb3 Qe4 37. Qb5 Qc2+ 38. Kf3 b6 39. Qd7 Bf8 40. Qb5 Qd1+ 41.
Kf2 1/2-1/2

[Event "VIII MIEDZYNARODOWY TURNIEJ SZACHOWY - GORA SW. ANNY - Open B"]
[Site "GORA SW. ANNY"]
[Date "1899-12-30"]
[Round "5.7"]
[White "Chylewski, Patryk"]
[Black "Oglaza, Oskar"]
[Result "1-0"]
[WhiteTitle "I++"]
[BlackTitle "I"]
[WhiteElo "1994"]
[BlackElo "1792"]

1. e4 c5 2. Nf3 d6 3. d4 cxd4 4. Nxd4 Nf6 5. Nc3 a6 6. Bg5 Nbd7 7. f4 Qc7 8. Qf3
h6 9. Bxf6 Nxf6 10. f5 e5 11. fxe6 fxe6 12. g3 Bd7 13. Bh3 e5 14. Ne6 Qc8 15.
Nd5 Bxe6 16. Bxe6 Qc6 17. O-O-O Be7 18. Qf5 Nxd5 19. exd5 Qa4 20. Qf7+ Kd8 21.
Qxg7 Rf8 22. Rhf1 Re8 23. Rf7 b6 24. Rd3 a5 25. Rc3 Qd4 26. Rd3 Qa4 27. Kb1 Qe4
28. a3 Qa4 29. Rc3 Qb5 30. Rc6 Qa6 31. Rxd6+ Kc7 32. Rd7+ Kb8 33. Rdxe7 Rxe7 34.
Qf8+ Kc7 35. Qxe7+ 1-0

[Event "VIII MIEDZYNARODOWY TURNIEJ SZACHOWY - GORA SW. ANNY - Open B"]
[Site "GORA SW. ANNY"]
[Date "1899-12-30"]
[Round "5.8"]
[White "Jachym, Adam"]
[Black "Karykowska, Anna"]
[Result "1-0"]
[WhiteTitle "I"]
[BlackTitle "I++"]
[WhiteElo "1965"]
[BlackElo "1605"]

1. e4 c5 2. Nf3 Nc6 3. d4 cxd4 4. Nxd4 e6 5. Nc3 a6 6. g3 Qc7 7. Bg2 Nf6 8. O-O
Be7 9. Re1 d6 10. Nxc6 bxc6 11. e5 dxe5 12. Rxe5 O-O 13. Re1 Bb7 14. Bf4 Qb6 15.
Na4 Qa5 16. c4 Rad8 17. Qb3 Qb4 18. Qc2 Ba8 19. a3 Qb7 20. b4 Bd6 21. Nc5 Qc8
22. Bxd6 Rxd6 23. Rad1 Rfd8 24. Rxd6 Rxd6 25. Rd1 Ne8 26. Rxd6 Nxd6 27. Qd3 Ne8
28. Bf3 h6 29. Bd1 Bb7 30. Bc2 g6 31. h4 h5 32. Kf1 Nf6 33. Qd6 Kg7 34. Qe7 Ba8
35. Ke2 Qb8 36. Qxf6+ Kxf6 37. Nd7+ Ke7 38. Nxb8 Bb7 39. Be4 Kd6 40. b5 1-0

[Event "VIII MIEDZYNARODOWY TURNIEJ SZACHOWY - GORA SW. ANNY - Open B"]
[Site "GORA SW. ANNY"]
[Date "1899-12-30"]
[Round "5.9"]
[White "Garbowski, Jakub"]
[Black "Jedrocha, Katarzyna"]
[Result "1-0"]
[WhiteTitle "I+"]
[BlackTitle "I++"]
[WhiteElo "1781"]
[BlackElo "1881"]

1. e4 c5 2. Nf3 d6 3. d4 cxd4 4. Nxd4 Nf6 5. Nc3 a6 6. Be2 e5 7. Nb3 Be7 8. a4
Be6 9. O-O O-O 10. Bf3 Nbd7 11. Re1 Qc7 12. Nd2 Rfc8 13. Nf1 Qc6 14. a5 b5 15.
axb6 Nxb6 16. Ne3 g6 17. h3 Qc7 18. Be2 Qb7 19. Bd3 Nfd7 20. Qe2 Nc5 21. Bd2 Kh8
22. b3 Bf6 23. Bc4 Nxc4 24. Nxc4 Rd8 25. Ne3 Bg7 26. f3 f5 27. Ned5 Nd7 28. Bg5
Rdc8 29. Rad1 Bf8 30. Be3 f4 31. Bf2 Rc6 32. Rd3 Rac8 33. Rc1 Nc5 34. Bxc5 Rxc5
35. Na4 R5c6 36. c4 Bxd5 37. exd5 R6c7 38. Qe4 Qa7+ 39. Kh1 Be7 40. c5 Rxc5 41.
Nxc5 Rxc5 42. Rxc5 Qxc5 43. Rd1 a5 44. Qa4 Kg7 45. Qc6 Qb4 46. Qd7 Kf8 47. Rc1
g5 48. Rc8+ Kg7 49. Qxe7+ Kh6 50. Qe6+ 1-0

[Event "VIII MIEDZYNARODOWY TURNIEJ SZACHOWY - GORA SW. ANNY - Open B"]
[Site "GORA SW. ANNY"]
[Date "1899-12-30"]
[Round "5.10"]
[White "Kozaczuk, Witold"]
[Black "Trepkowski, Piotr"]
[Result "1-0"]
[WhiteTitle "I"]
[BlackTitle "I"]
[WhiteElo "1877"]
[BlackElo "1772"]

1. d4 d5 2. c4 dxc4 3. Nf3 Nf6 4. e3 e6 5. Bxc4 c5 6. O-O a6 7. Qe2 b5 8. Bb3 Bb7
9. Rd1 Nbd7 10. Nc3 Qc7 11. e4 cxd4 12. Rxd4 Bc5 13. Rd3 b4 14. e5 Ng4 15. Ba4
Rd8 16. Bg5 Nxf2 17. Kf1 Nxd3 18. Bxd8 Qxd8 19. Qxd3 bxc3 20. Rd1 Bd5 21. bxc3
Qa5 22. Bxd7+ Kxd7 23. c4 Qxa2 24. Rd2 Qa1+ 25. Ke2 Rd8 26. cxd5 Ke8 27. d6 Qa3
28. Qxh7 Qe3+ 29. Kd1 Qc3 30. Ke1 Bb4 31. Qg8+ Kd7 32. Qxf7+ Kc6 33. Nd4+ 1-0

[Event "VIII MIEDZYNARODOWY TURNIEJ SZACHOWY - GORA SW. ANNY - Open B"]
[Site "GORA SW. ANNY"]
[Date "1899-12-30"]
[Round "5.11"]
[White "Czempiel, Henryk"]
[Black "Parol, Pola"]
[Result "1-0"]
[WhiteTitle "I"]
[BlackTitle "I++"]
[WhiteElo "1979"]
[BlackElo "1672"]

1. e4 c5 2. d4 cxd4 3. c3 dxc3 4. Nxc3 Nc6 5. Nf3 d6 6. Bc4 Nf6 7. O-O e6 8. Qe2
Be7 9. Rd1 e5 10. Be3 Be6 11. b4 Bxc4 12. Qxc4 Rc8 13. Qb3 O-O 14. Rac1 Ng4 15.
Nd5 Nxe3 16. Qxe3 a6 17. a4 Bf6 18. b5 axb5 19. axb5 Ne7 20. Nxf6+ gxf6 21. Rxc8
Nxc8 22. Qh6 Kh8 23. Nh4 Rg8 24. Rd3 Qa5 25. Qxf6+ Rg7 26. h3 Kg8 27. Nf5 Rg6
28. Rg3 Qc7 29. Rxg6+ fxg6 30. Nh6# 1-0

[Event "VIII MIEDZYNARODOWY TURNIEJ SZACHOWY - GORA SW. ANNY - Open B"]
[Site "GORA SW. ANNY"]
[Date "1899-12-30"]
[Round "5.12"]
[White "Trusz, Julia"]
[Black "Domanski, Lukasz"]
[Result "0-1"]
[WhiteTitle "I"]
[BlackTitle "I"]
[WhiteElo "1556"]
[BlackElo "1878"]

1. e4 e5 2. Nf3 d6 3. d4 exd4 4. Nxd4 g6 5. Be2 Bg7 6. O-O Nc6 7. Nb3 Nf6 8. Nc3
O-O 9. Re1 Re8 10. Bd3 a5 11. a4 Be6 12. Bg5 Qd7 13. Bb5 h6 14. Bh4 Bxb3 15. cxb3
Qg4 16. Qxg4 Nxg4 17. h3 Nge5 18. Nd5 Rac8 19. f4 Nd7 20. Ne7+ Rxe7 21. Bxe7 Bxb2
22. Rab1 Bd4+ 23. Kf1 f6 24. Bc4+ Kg7 25. Be6 Ncb8 26. Red1 Re8 27. Bxd7 Rxe7
28. Rxd4 Nxd7 29. Re1 Nc5 30. Re3 f5 31. e5 Nd7 32. Rd5 dxe5 33. fxe5 b6 34. e6
Nc5 35. Rc3 Nxe6 36. Re5 Kf7 37. Rce3 Re8 38. Ke1 Ng7 39. Rxe8 Nxe8 40. Rc3 c5
41. Re3 Nd6 42. Kd2 Kf6 43. Kd3 f4 44. Rf3 g5 45. Rf2 h5 46. h4 Kf5 47. hxg5 Kxg5
48. Rf3 Kg4 49. Ke2 Nf5 50. Kf2 Nd4 51. Rd3 h4 52. Kg1 f3 53. gxf3+ Nxf3+ 54.
Kh1 Nd4 55. Kh2 Kf4 56. Kh3 Ke4 57. Rc3 Ne2 58. Rc4+ Kd3 59. Rxh4 Nd4 60. Rh6
Nxb3 61. Rxb6 c4 62. Kg2 Kc2 63. Kf2 Kb2 64. Re6 c3 65. Re2+ c2 66. Ke3 Kc3 0-1

[Event "VIII MIEDZYNARODOWY TURNIEJ SZACHOWY - GORA SW. ANNY - Open B"]
[Site "GORA SW. ANNY"]
[Date "1899-12-30"]
[Round "5.13"]
[White "Golecki, Jan"]
[Black "Rogacka, Natalia"]
[Result "1-0"]
[WhiteTitle "I"]
[BlackTitle "II+"]
[WhiteElo "1798"]
[BlackElo "1481"]

1. e4 e5 2. f4 exf4 3. Nf3 d6 4. d4 g5 5. Bc4 Bg7 6. O-O h6 7. c3 Be6 8. Bxe6 fxe6
9. Qb3 Qc8 10. h4 g4 11. Nh2 g3 12. Nf3 e5 13. dxe5 dxe5 14. Nxe5 Bxe5 15. Bxf4
Nc6 16. Bxe5 Nxe5 17. Qb5+ Nc6 18. Qh5+ Kd7 19. Qd5+ Ke7 20. Qf7+ Kd6 21. Na3
a6 22. Nc4+ Kc5 23. Qd5# 1-0

[Event "VIII MIEDZYNARODOWY TURNIEJ SZACHOWY - GORA SW. ANNY - Open B"]
[Site "GORA SW. ANNY"]
[Date "1899-12-30"]
[Round "5.14"]
[White "Fus, Jakub"]
[Black "Muzacz, Bartlomiej"]
[Result "1/2-1/2"]
[WhiteTitle "II"]
[BlackTitle "II+"]
[WhiteElo "1641"]
[BlackElo "1791"]

1. Nf3 Nf6 2. c4 g6 3. Nc3 Bg7 4. g3 d5 5. cxd5 Nxd5 6. Bg2 O-O 7. O-O c6 8. Qc2
a5 9. d4 Nb4 10. Qb1 Nd7 11. Bf4 Nd5 12. Nxd5 cxd5 13. Qc2 Ra6 14. Rac1 Rc6 15.
Qa4 Qb6 16. Rxc6 bxc6 17. b3 Ba6 18. Re1 e6 19. Be3 Rc8 20. Qa3 Bf8 21. Qb2 c5
22. dxc5 Bxc5 23. Bxc5 Qxc5 24. Qd2 Nf6 25. Qf4 Kg7 26. g4 Qc7 27. Qd4 Qc3 28.
g5 Qxd4 29. Nxd4 Ng4 30. h3 Ne5 31. e3 Nd3 32. Rd1 Nb4 33. a3 Nc2 34. Bf1 Bxf1
35. Kxf1 Nxd4 36. Rxd4 Rc3 37. Ra4 Rxb3 38. Rxa5 Rb2 39. Ra8 h6 40. h4 Ra2 1/2-1/2

[Event "VIII MIEDZYNARODOWY TURNIEJ SZACHOWY - GORA SW. ANNY - Open B"]
[Site "GORA SW. ANNY"]
[Date "1899-12-30"]
[Round "5.15"]
[White "Kulpinski, Piotr"]
[Black "Karleszko, Karolina"]
[Result "1-0"]
[WhiteTitle "I++"]
[BlackTitle "I+"]
[WhiteElo "1948"]
[BlackElo "1578"]

1. d4 d5 2. c4 e6 3. Nf3 Nf6 4. Nc3 Be7 5. Bg5 O-O 6. e3 Nbd7 7. cxd5 exd5 8. Bd3
c6 9. O-O Re8 10. Qc2 Nf8 11. Rab1 Ng6 12. b4 a6 13. a4 Ne4 14. Bxe7 Qxe7 15.
b5 axb5 16. axb5 Ra3 17. Bxe4 dxe4 18. Nd2 Bd7 19. Nc4 Raa8 20. Nb6 Rad8 21. Nxd7
Rxd7 22. bxc6 bxc6 23. Na4 Rc7 24. Nc5 Nh4 25. Qxe4 Qd8 26. Qf4 g5 27. Qg4 f5
28. Qh5 Rg7 29. Rb7 Rxb7 30. Nxb7 Qe7 31. Nc5 Rb8 32. g3 Ng6 33. Ra1 Kh8 34. Ra6
f4 35. e4 Qf6 36. e5 Qf5 37. Kg2 fxg3 38. hxg3 Rf8 39. Qe2 g4 40. Rxc6 Qh5 41.
Ne4 Ra8 42. Rc1 Qf5 43. Nf6 Ra4 44. Rh1 Nf8 45. Rh5 Qc8 46. d5 Qa8 47. e6 Kg7
48. Qe5 1-0

[Event "VIII MIEDZYNARODOWY TURNIEJ SZACHOWY - GORA SW. ANNY - Open B"]
[Site "GORA SW. ANNY"]
[Date "1899-12-30"]
[Round "5.16"]
[White "Kwiatkowska, Agnieszka"]
[Black "Korcz, Daniel"]
[Result "0-1"]
[WhiteTitle "I"]
[BlackTitle "I+"]
[WhiteElo "1556"]
[BlackElo "1759"]

1. e4 e5 2. Nf3 Nc6 3. Bb5 a6 4. Ba4 Nf6 5. d3 b5 6. Bb3 Be7 7. c3 d6 8. h3 Na5
9. Bc2 c5 10. d4 Qc7 11. Nbd2 O-O 12. Nf1 Bd7 13. Ne3 g6 14. dxe5 dxe5 15. Nd5
Nxd5 16. Qxd5 Nc4 17. b3 Bc6 18. Qd3 Rfd8 19. Qe2 Nb6 20. Bh6 c4 21. O-O Bb7 22.
Rfd1 cxb3 23. Bxb3 Nc4 24. Bxc4 bxc4 25. Rxd8+ Rxd8 26. Rb1 Bc8 27. Rd1 f6 28.
Rxd8+ Bxd8 29. Nd2 Be6 30. Be3 Be7 31. Qd1 Qa5 32. Qc2 Ba3 33. Nb1 Be7 34. Qb2
Qb5 35. Qc2 Qd7 36. Nd2 Kf7 37. Qb2 Qb5 38. Qc2 Ba3 39. Nb1 Be7 40. Nd2 Bd7 41.
Kf1 Qa4 42. Qb1 Ba3 43. Ke2 Qb5 44. Qxb5 axb5 45. Nb1 Be7 46. Bb6 Ke6 47. a3 f5
48. f3 fxe4 49. fxe4 Bc6 50. Kf3 Kd7 51. Ba5 Bg5 52. Bb4 Bc1 53. g3 h5 54. h4
Ke6 55. Bc5 Bh6 56. Bb4 Kf6 57. Ba5 Ke7 58. Bc7 Ke6 59. Ba5 Kd7 60. Bb4 Ke6 61.
Ba5 Kd7 62. Bb4 Bb7 63. a4 bxa4 64. Na3 Ba6 65. Bc5 Kc6 66. Bb4 Bg7 67. g4 hxg4+
68. Kxg4 Bf6 69. h5 Bc8+ 70. Kg3 gxh5 71. Nxc4 Be6 72. Nb2 Kb5 73. Bd6 Bc4 74.
Kf2 Bg5 75. Nxa4 Kxa4 76. Bxe5 Bd2 77. Bf6 Kb3 78. Kg3 Bxc3 79. e5 Be6 80. Kh4
Bg4 81. Kg5 Kc4 82. Kf4 Kd5 83. Bh4 Bxe5+ 0-1

[Event "VIII MIEDZYNARODOWY TURNIEJ SZACHOWY - GORA SW. ANNY - Open B"]
[Site "GORA SW. ANNY"]
[Date "1899-12-30"]
[Round "5.17"]
[White "Miszkielo, Bartosz"]
[Black "Bogut, Maksymilian"]
[Result "1-0"]
[WhiteTitle "I"]
[BlackTitle "II"]
[WhiteElo "1736"]
[BlackElo "1445"]

1. e4 e5 2. Nf3 Nc6 3. Bb5 a6 4. Ba4 d6 5. O-O Nf6 6. Re1 Be7 7. h3 b5 8. Bb3 Na5
9. c3 Nxb3 10. Qxb3 Be6 11. Qc2 c5 12. d4 cxd4 13. cxd4 Rc8 14. Qd1 Qc7 15. Nc3
O-O 16. d5 Bd7 17. a3 h6 18. Be3 Nh7 19. g4 h5 20. Nh2 hxg4 21. hxg4 Ng5 22. Kh1
Qc4 23. f3 a5 24. Qd2 b4 25. Ne2 Nxe4 26. fxe4 Qxe4+ 27. Kg1 Rc2 28. Ng3 Rxd2
29. Nxe4 Rxb2 30. axb4 Rxb4 31. Bd2 Rd4 32. Rxa5 f5 33. Bg5 Rxe4 34. Rxe4 Bxg5
35. Rc4 fxg4 36. Nxg4 Rf4 37. Rxf4 Bxf4 38. Nf2 Be3 39. Kg2 Bf5 40. Kf3 Bd4 41.
Ne4 Bxe4+ 42. Kxe4 Kh7 43. Kf5 Bc3 44. Rb5 e4 45. Rb3 g6+ 46. Ke6 Be5 47. Re3
Bf4 48. Rxe4 g5 49. Kf5 Kg7 50. Re7+ Kg8 51. Ke6 Kf8 52. Ra7 g4 53. Ra4 Bh2 54.
Rxg4 Be5 55. Rg6 Bh2 56. Kd7 Kf7 57. Rxd6 Bxd6 58. Kxd6 1-0

[Event "VIII MIEDZYNARODOWY TURNIEJ SZACHOWY - GORA SW. ANNY - Open B"]
[Site "GORA SW. ANNY"]
[Date "1899-12-30"]
[Round "5.18"]
[White "Musiala, Jakub"]
[Black "Milanowski, Jan"]
[Result "0-1"]
[WhiteTitle "II"]
[BlackTitle "I++"]
[WhiteElo "1536"]
[BlackElo "1950"]

1. e4 c5 2. Nc3 d6 3. f4 g6 4. Nf3 Bg7 5. d3 Nc6 6. g3 a6 7. Bg2 e6 8. O-O Nge7
9. Kh1 b6 10. Ne2 Bb7 11. Rb1 d5 12. e5 Qc7 13. c3 Rd8 14. d4 c4 15. Bd2 b5 16.
Qc2 Rb8 17. a3 a5 18. Nc1 Ba6 19. Re1 Bf8 20. Ne2 h5 21. h3 Nf5 22. Kh2 Be7 23.
Ng5 b4 24. axb4 axb4 25. Ra1 b3 26. Qc1 Bb5 27. h4 Qb7 28. Bh3 Ng7 29. Be3 Ra8
30. Rxa8+ Qxa8 31. Qa1 Qb7 32. Bd2 Nf5 33. Bxf5 gxf5 34. Ng1 Kf8 35. Qd1 Kg7 36.
Bc1 Qa6 37. Kh1 Qa2 38. Rf1 Qb1 39. Rf2 Qd3 40. Rd2 Qb1 41. Rg2 Kg6 42. Kh2 Bf8
43. N1h3 Be7 44. Rg1 Na7 45. Qe2 Nc8 46. Be3 Qd3 47. Qxd3 cxd3 48. Rd1 Nb6 49.
Nf2 Ra8 50. Nxd3 Ra2 51. Bc1 Bxd3 52. Rxd3 Nc4 53. Nf3 Nxb2 54. Bxb2 Rxb2+ 55.
Rd2 Rc2 56. Kh3 Ba3 57. Rd1 Bc1 58. Ne1 Rxc3 0-1

[Event "VIII MIEDZYNARODOWY TURNIEJ SZACHOWY - GORA SW. ANNY - Open B"]
[Site "GORA SW. ANNY"]
[Date "1899-12-30"]
[Round "5.19"]
[White "Ochenduszko, Bartosz"]
[Black "Marko, Piotr"]
[Result "1-0"]
[WhiteTitle "II"]
[BlackTitle "II+"]
[WhiteElo "1523"]
[BlackElo "1704"]

1. d4 Nf6 2. c4 g6 3. f3 Bg7 4. Nc3 O-O 5. e4 d6 6. Be3 c6 7. Qd2 e5 8. d5 c5 9.
g4 h5 10. h3 Nh7 11. Qf2 h4 12. f4 exf4 13. Bxf4 Re8 14. Bd3 f5 15. O-O-O Bxc3
16. bxc3 fxe4 17. Bc2 Qf6 18. Qe3 Nd7 19. Nf3 Nb6 20. Nd2 g5 21. Bh2 Bd7 22. Nxe4
Qg7 23. Qd3 Ba4 24. Nxd6 Bxc2 25. Nxe8 Bxd3 26. Nxg7 Bxc4 27. Nf5 Nxd5 28. Rxd5
1-0

[Event "VIII MIEDZYNARODOWY TURNIEJ SZACHOWY - GORA SW. ANNY - Open B"]
[Site "GORA SW. ANNY"]
[Date "1899-12-30"]
[Round "5.20"]
[White "Majocha, Piotr"]
[Black "Maminski, Hubert"]
[Result "1/2-1/2"]
[WhiteTitle "II"]
[BlackTitle "II+"]
[WhiteElo "1475"]
[BlackElo "1654"]

1. e4 c6 2. d4 d5 3. e5 Bf5 4. Bd3 Bxd3 5. Qxd3 e6 6. Be3 Qb6 7. Qb3 Qxb3 8. axb3
Nd7 9. c3 c5 10. Nf3 cxd4 11. cxd4 Ne7 12. Nc3 Nc6 13. O-O Be7 14. Rfc1 O-O 15.
Ne1 Ndb8 16. Nd3 Na6 17. Nb5 Rfc8 18. g3 Nc7 19. Nxc7 Rxc7 20. Kf1 Rac8 21. Ke2
a6 22. Kd1 Kf8 23. Ke2 Ke8 24. Kd1 Kd7 25. Ke2 Nb4 26. Rxc7+ Rxc7 27. Nxb4 Bxb4
28. Rc1 Rxc1 29. Bxc1 Kc6 30. f4 Kb5 31. Kd1 Be7 32. Bd2 Bd8 33. Bc3 Ba5 34. Kc2
Bb4 35. Kd3 a5 36. Kd2 Bxc3+ 37. bxc3 a4 38. Kc2 Ka5 39. c4 axb3+ 40. Kxb3 dxc4+
41. Kxc4 Kb6 1/2-1/2

[Event "VIII MIEDZYNARODOWY TURNIEJ SZACHOWY - GORA SW. ANNY - Open B"]
[Site "GORA SW. ANNY"]
[Date "1899-12-30"]
[Round "5.21"]
[White "Stolarski, Adam"]
[Black "Pytel, Przemyslaw"]
[Result "0-1"]
[WhiteTitle "II"]
[BlackTitle "II+"]
[WhiteElo "1423"]
[BlackElo "1638"]

1. e4 c5 2. c3 Nf6 3. e5 Nd5 4. d4 cxd4 5. cxd4 d6 6. Nf3 e6 7. Bd3 Nc6 8. O-O
Be7 9. Bd2 Qc7 10. exd6 Bxd6 11. Nc3 Nxc3 12. Bxc3 h6 13. Re1 O-O 14. Rc1 Qd7
15. Bb1 Kh8 16. Qc2 f5 17. Ne5 Nxe5 18. dxe5 Be7 19. Rcd1 Qc6 20. Qb3 a5 21. Bd4
a4 22. Qc3 Bd7 23. Bc2 Qxc3 24. Bxc3 Bc6 25. Rd4 Rfd8 26. Red1 Kg8 27. Kf1 Kf7
28. Rxd8 Rxd8 29. Rxd8 Bxd8 30. f3 g5 31. Ke2 Bb6 32. b3 axb3 33. axb3 h5 34.
g3 g4 0-1

[Event "VIII MIEDZYNARODOWY TURNIEJ SZACHOWY - GORA SW. ANNY - Open B"]
[Site "GORA SW. ANNY"]
[Date "1899-12-30"]
[Round "5.22"]
[White "Strzelecki, Maciej"]
[Black "Charczenko, Dominik"]
[Result "1/2-1/2"]
[WhiteTitle "II+"]
[BlackTitle "III"]
[WhiteElo "1606"]
[BlackElo "1444"]

1. e4 c5 2. Nf3 Nc6 3. Nc3 g6 4. Bc4 Bg7 5. d3 d6 6. O-O Nf6 7. Be3 O-O 8. Qd2
e5 9. Bh6 Bg4 10. Bxg7 Kxg7 11. Ne1 Qd7 12. h3 Be6 13. Bxe6 Qxe6 14. f4 exf4 15.
Qxf4 Nh5 16. Qg4 Ne5 17. Qxe6 fxe6 18. Nf3 Nxf3+ 19. Rxf3 Rxf3 20. gxf3 Rf8 21.
Kg2 a6 22. Ne2 Nf4+ 23. Nxf4 Rxf4 24. c4 e5 25. a3 a5 26. Rb1 Rf7 27. b4 axb4
28. axb4 b6 29. bxc5 bxc5 30. Rb6 Rf6 31. Rc6 g5 32. Kg3 Kg6 33. h4 gxh4+ 34.
Kxh4 h5 35. Rb6 Rf4+ 36. Kg3 h4+ 37. Kg2 Rf6 38. Rb8 Kg7 39. Rb1 Kg6 40. Rb2 Kg7
41. Rf2 Kg6 42. Kh3 Kh5 43. Kg2 Kg6 44. Rb2 Kg7 45. Rb7+ Kg6 46. Rd7 Kh6 47. Rb7
Kg6 48. Rb2 Kh6 49. Kf2 Kg7 1/2-1/2

[Event "VIII MIEDZYNARODOWY TURNIEJ SZACHOWY - GORA SW. ANNY - Open B"]
[Site "GORA SW. ANNY"]
[Date "1899-12-30"]
[Round "5.25"]
[White "Ostrowski, Zdzislaw"]
[Black "Szotkowski, David"]
[Result "0-1"]
[WhiteTitle "II"]
[BlackTitle "III"]
[WhiteElo "1253"]
[BlackElo "1527"]

1. e4 c5 2. Nf3 Nc6 3. d4 cxd4 4. Nxd4 g6 5. Nc3 Bg7 6. Be3 Nf6 7. h3 O-O 8. Qd2
d5 9. exd5 Nxd5 10. Nxd5 Qxd5 11. c3 Bf5 12. Nxc6 Qxc6 13. f3 Rfd8 14. Qf2 Bxc3+
15. Bd2 Bxd2+ 16. Qxd2 Rxd2 0-1

[Event "VIII MIEDZYNARODOWY TURNIEJ SZACHOWY - GORA SW. ANNY - Open B"]
[Site "GORA SW. ANNY"]
[Date "1899-12-30"]
[Round "5.27"]
[White "Powalka, Michal"]
[Black "Jacek, Nikola"]
[Result "1-0"]
[WhiteTitle "I++"]
[BlackTitle "II+"]
[WhiteElo "1820"]
[BlackElo "1228"]

1. e4 e5 2. f4 exf4 3. Nf3 d5 4. exd5 Nf6 5. Bb5+ c6 6. dxc6 bxc6 7. Bc4 Be7 8.
d4 Qc7 9. Ne5 O-O 10. Bxf4 Qa5+ 11. c3 Nbd7 12. Nxc6 Qb6 13. Nxe7+ Kh8 14. Qb3
Re8 15. O-O Rxe7 16. Nd2 Bb7 17. Rae1 Rxe1 18. Rxe1 Qc6 19. Bf1 Kg8 20. Nc4 Re8
21. Rxe8+ Nxe8 22. Na5 Qe4 23. Qxb7 a6 1-0

[Event "VIII MIEDZYNARODOWY TURNIEJ SZACHOWY - GORA SW. ANNY - Open B"]
[Site "GORA SW. ANNY"]
[Date "1899-12-30"]
[Round "5.28"]
[White "Majocha, Tomasz"]
[Black "Milczarek, Pawel"]
[Result "0-1"]
[WhiteTitle "III"]
[BlackTitle "III"]
[WhiteElo "1244"]
[BlackElo "1360"]

1. e4 e5 2. Nc3 Nf6 3. d3 Bb4 4. Bd2 O-O 5. Nf3 Nc6 6. Be2 d5 7. exd5 Nxd5 8. Nxd5
Bxd2+ 9. Nxd2 Qxd5 10. Bf3 Qd6 11. O-O Re8 12. Re1 Bd7 13. Ne4 Qe7 14. c3 f5 15.
Ng3 g6 16. Bd5+ Kh8 17. d4 Qf6 18. Bxc6 Bxc6 19. dxe5 Rxe5 20. Rxe5 Qxe5 21. Qd2
Re8 22. Rd1 f4 23. Nf1 Bb5 24. Qd4 Qxd4 25. Rxd4 Re2 26. Nd2 Bd3 27. Nf3 Rxb2
28. h3 Be2 0-1